| 000 | 01040nam a2200265 a 4500 | ||
|---|---|---|---|
| 001 | 75957 | ||
| 003 | BD-RjUL | ||
| 005 | 20211209082752.0 | ||
| 008 | 190924s2017 bg a|||| bm|| 00| 0 eng d | ||
| 035 | _a(BD-RjUL)76176 | ||
| 040 |
_aBD-RjUL _beng _cBD-RjUL _dBD-RjUL |
||
| 041 | _aeng | ||
| 082 |
_a349.5492 _223 _bSAC 2017 |
||
| 100 | 1 |
_aSamad, Md. Atickus _9233134 |
|
| 245 | 1 | 0 |
_aCivil Justice System in Bangladesh: _bStatus, Impediments and Accelerating Strategies / _cMd. Atickus Samad ; _6Supervisor: Biswajit Chanda |
| 260 |
_aRajshahi : _bInstitute of Bangladesh Studies, University of Rajshahi, _c2017 |
||
| 300 |
_axviii, 261 leaves : _bIll. ; _c29 cm. |
||
| 502 | _aThesis (Ph. D.) -- Institute of Bangladesh Studies, University of Rajshahi, 2017 | ||
| 504 | _aBibliograhy: Leaves 244-252 | ||
| 650 |
_aLaw _zBangladesh _xHistory. _9233136 |
||
| 650 |
_aHuman rights. _zBangladesh _9233137 |
||
| 650 |
_aCivil Law System _zBangladesh _vHistory _9233138 |
||
| 700 |
_aChanda, Biswajit, Supervisor _9233135 |
||
| 942 |
_2ddc _cTHE |
||
| 999 |
_c75957 _d75957 |
||